Madame Bovary (Registro nro. 9184)

Detalles MARC
000 -CABECERA
Longitud fija campo de control 00596nam a22002297a 4500
003 - IDENTIFICADOR DEL NUMERO DE CONTROL
Identificador del número de control CO-BoRNBP
005 - FECHA Y HORA DE LA ULTIMA TRANSACCION
Fecha y hora de la última transacción 20221012162206.0
007 - CAMPO FIJO DE DESCRIPCION FISICA
Campo fijo de descripción física ta
008 - CODIGOS DE INFORMACION DE LONGITUD FIJA
Códigos de información de longitud fija 221012b col||||| |||| 00| 0 spa d
020 ## - NUMERO INTERNACIONAL NORMALIZADO PARA LIBROS
Número Internacional Normalizado para Libros (ISBN) 9788437605883
040 ## - FUENTE DE LA CATALOGACION
Centro catalogador de origen CO-BoRNBP
Lengua de catalogación spa
Centro transcriptor CO-BoRNBP
Normas de descripción rda
100 ## - PUNTO DE ACCESO PRINCIPAL-NOMBRE DE PERSONA
Nombre de persona Flaubert Gustave
245 ## - TITULO PROPIAMENTE DICHO
Título Madame Bovary
250 ## - MENCION DE EDICION
Mención de edición 18a edición
264 ## - PRODUCCION, PUBLICACION , DISTRIBUCION, FABRICACION Y COPYRIGHT
Lugar de producción, publicación, distribución, fabricación Barcelona España
Nombre del productor, editor, distribuidor, fabricante Ediciones Catedra
Fecha de de producción, publicación, distribución, fabricación o copyright 2012
300 ## - DESCRIPCION FISICA
Extensión 432
336 ## - TIPO DE CONTENIDO
Fuente rdacontenido
Término de tipo de contenido texto
Código de tipo de contenido txt
337 ## - TIPO DE MEDIO
Fuente rdamedio
Nombre del tipo de medio sin mediación
Código del tipo de medio n
338 ## - TIPO DE SOPORTE
Fuente rdasoporte
Nombre del tipo de soporte volumen
Código del tipo de soporte nc
650 ## - PUNTO DE ACCESO ADICIONAL DE MATERIA - TERMINO DE MATERIA
Fuente del encabezamiento ARMARC
942 ## - ENTRADA DE ELEMENTOS AGREGADOS (KOHA)
Fuente de clasificaión o esquema Clasificación Local Facetada
Koha [por defecto] tipo de item LIbro
Existencias
Perdido Fuente de clasificación o esquema Estado Físico No para préstamo Localización permanente Localización actual Fecha adquisición Préstamos totales Código de barras Fecha última consulta Fecha último préstamo Número de copia Fecha del precio de reemplazo Tipo de item de Koha Forma de adquisición Localización en estanterías Signatura completa Número de registro Serie de enumeración / cronolog&íacute;a Note pública
  Dewey Decimal Classification     Biblioteca Pública Fuentedeoro - Henry Llanos García Biblioteca Pública Fuentedeoro - Henry Llanos García 07/13/2023   Fo00001314 07/13/2023   Ej.1 07/13/2023 LIbro Colección General Literatura N FLA2      
  Dewey Decimal Classification     Biblioteca Pública San Carlos de Guaroa - Eduardo Carranza Biblioteca Pública San Carlos de Guaroa - Eduardo Carranza 04/16/2024   SG01642 04/16/2024   Ej.1 04/16/2024 LIbro Colección General Literatura N FLA2      
        Biblioteca Pública Departamental Eduardo Carranza - Villavicencio Biblioteca Pública Departamental Eduardo Carranza - Villavicencio 08/06/2004   ECA15811 11/26/2024   Ej.1 11/26/2024 LIbro Sala General General N FLA2   Vol.1 269 | 304
  Clasificación Local Facetada     Biblioteca Pública Granada - Boca del Monte Biblioteca Pública Granada - Boca del Monte 10/12/2022 2 9788437605883 10/12/2022 10/12/2022 Ej.1 10/12/2022 LIbro            
  Dewey Decimal Classification     Biblioteca Pública Guamal Biblioteca Pública Guamal 01/31/2023   GUA000312 01/31/2023   Ej.1 01/31/2023 LIbro Colección General Literatura N FLA2      
  Dewey Decimal Classification     Biblioteca Pública La Macarena Biblioteca Pública La Macarena 10/27/2023   LM00580 10/27/2023   Ej.1 10/27/2023 LIbro Colección General Literatura N FLA2      
  Dewey Decimal Classification     Biblioteca Pública Mesetas - Franco lodo Poloxi Biblioteca Pública Mesetas - Franco lodo Poloxi 10/16/2024   ME000354 10/16/2024   Ej.1 10/16/2024 LIbro   Literatura N FLA2 9788437605883    









Instituto Departamental de Cultura del Meta - Red Departamental de Bibliotecas Públicas del Meta.